000 004360000a22001690004500
003 MACL
005 20151231162033.0
008 151231b xxu||||| |||| 00| 0 eng d
040 _aMACL
_cMACL
041 _aEnglish
082 _a340/HAL
100 _aHall, William Edward
_925942
245 _aA Treatise on International Law
260 _bOxford University Press
_c1924
_aEngland
650 _aLaw
_925943
942 _cBK
_k340/HAL
_2ddc
999 _c36526
_d36526